Povinnosti podniků a společnosti u daně z příjmů obyvatelstva.

Vznik povinnosti platiť daň a poplatníci. Vyberanie dane zrážkou - základ dane a spôsob platby. Zrážka zálohy na daň. Príjmy, podliehajúce iným daniam. Súčinnosť právnických osôb v daňovom konaní.

Gespeichert in:
Bibliographische Detailangaben
1. Verfasser: Pelech, P.
Format: Buchkapitel
Sprache:Tschechisch
Schlagworte:
Tags: Tag hinzufügen
Keine Tags, Fügen Sie das erste Tag hinzu!

MARC

LEADER 00000naa a2200000 4500
001 r007023
005 20221125081451.4
041 0 |a cze 
044 |a [CS] 
245 1 0 |a Povinnosti podniků a společnosti u daně z příjmů obyvatelstva.  |c P. Pelech 
520 |a Vznik povinnosti platiť daň a poplatníci. Vyberanie dane zrážkou - základ dane a spôsob platby. Zrážka zálohy na daň. Príjmy, podliehajúce iným daniam. Súčinnosť právnických osôb v daňovom konaní. 
610 2 0 |a dane z príjmov 
610 2 0 |a predpisy právne 
610 2 0 |a poplatky 
610 2 0 |a podnik 
100 1 |a Pelech, P.